000 00720nam a2200229 a 4500
001 BRCA_2190
005 20190320203716.0
008 920515s1988 mx-a---##b---#000-0#spa-#
020 _a9687009179
040 _aDLC
_cDLC
050 4 _aTX716
_b.S76 1988
100 1 _aStoopen, María
_96602
245 1 0 _aEl universo de la cocina mexicana
_ctexto María Stoopen.
260 _aMéxico
_bFomento Cultural Banamex
_c1988
300 _a2 v.
_bil. a color
_c30 cm.
500 _aIncluye índice de ilustraciones (v.1)
501 _aContenido : v.1 Texto. -- v.2 Recetario
504 _aBibliografía : p. 122-123 (v.1)
650 1 4 _aCocina
_xHistoria
_zMéxico
_96603
650 1 4 _aCocina mexicana
_96604
942 _2lcc
_cB
999 _c1946
_d1946